[Event "LLHH 2122 Hamburger SK VI - SK Weisse D"]
[Site "?"]
[Date "2022.05.29"]
[Round "5.2"]
[White "Meyling, Lennart"]
[Black "Mandelbaum, Peter-Rene"]
[Result "1/2-1/2"]
[WhiteElo "2079"]
[BlackElo "2073"]
[PlyCount "117"]
[EventDate "2022.??.??"]

1. d4 d5 2. c4 e6 3. Nc3 Be7 4. cxd5 exd5 5. Qc2 c6 6. Bf4 g6 7. e3 Bf5 8. Bd3
Bxd3 9. Qxd3 Nf6 10. h3 O-O 11. Nge2 Bd6 12. O-O a5 13. Bg5 Nbd7 14. f3 Qb6 15.
Kh1 Kg7 16. e4 dxe4 17. fxe4 Ng8 18. Be3 Qd8 19. e5 Bc7 20. Qd2 c5 21. Bg5 Qe8
22. Nd5 Bd8 23. Bxd8 Qxd8 24. Nef4 Ra6 25. Rae1 Ne7 26. Nxe7 Qxe7 27. d5 Nxe5
28. Qc3 Re8 29. Nd3 f6 30. Nxc5 Rc8 31. Ne6+ Qxe6 32. dxe6 Rxc3 33. bxc3 Rxe6
34. Rb1 b6 35. Rfd1 Rc6 36. Rd8 h5 37. Rb8 Nc4 38. Rd1 h4 39. Rdd8 Ne5 40. Rdc8
Rd6 41. Rb7+ Kh6 42. Rcb8 Rd1+ 43. Kh2 Rd2 44. Kg1 Rd1+ 45. Kf2 Rd2+ 46. Kf1
Nc4 47. Re7 Rxa2 48. Re6 Ra1+ 49. Kf2 Ra2+ 50. Re2 Ra3 51. Re4 Rxc3 52. Rxh4+
Kg5 53. Rg4+ Kf5 54. Rc8 Rc2+ 55. Ke1 Ne3 56. Rxc2 Nxc2+ 57. Kd2 Nb4 58. Kc3
Nc6 59. Rc4 1/2-1/2

[Event "LLHH 2122 Hamburger SK VI - SK Weisse D"]
[Site "?"]
[Date "2022.05.29"]
[Round "5.3"]
[White "Lansky, Georg"]
[Black "Fuhrmann, Aake"]
[Result "1-0"]
[WhiteElo "2010"]
[BlackElo "1926"]
[PlyCount "101"]
[EventDate "2022.??.??"]

1. e4 c5 2. Nf3 d6 3. d4 cxd4 4. Nxd4 Nf6 5. f3 e5 6. Nb3 d5 7. Bg5 Be6 8. Bxf6
gxf6 9. exd5 Qxd5 10. Qxd5 Bxd5 11. Nc3 Bb4 12. O-O-O Bxb3 13. axb3 Bxc3 14.
bxc3 Ke7 15. Bd3 Nc6 16. Bf5 Rad8 17. g4 h6 18. Rd3 Rxd3 19. cxd3 Rd8 20. Kc2
Kd6 21. Ra1 a5 22. Rd1 Kc5 23. Be4 b6 24. f4 exf4 25. Rf1 Nb8 26. Rxf4 Nd7 27.
Bf5 Nb8 28. d4+ Kd6 29. Kd3 Re8 30. Re4 Rh8 31. Kc4 Nc6 32. Kb5 h5 33. Rf4 Ne7
34. c4 hxg4 35. Bxg4 f5 36. Bxf5 Rxh2 37. c5+ bxc5 38. dxc5+ Kd5 39. Be4+ Ke6
40. Kxa5 f5 41. Bb7 Ke5 42. Rc4 f4 43. Re4+ Kf6 44. Rxf4+ Ke6 45. Rc4 Kd7 46.
Kb6 Rb2 47. b4 Rb3 48. b5 Ke6 49. Re4+ Kd7 50. c6+ Kd6 51. Rxe7 1-0

[Event "LLHH 2122 Hamburger SK VI - SK Weisse D"]
[Site "?"]
[Date "2022.05.29"]
[Round "5.4"]
[White "Foo, Tzun Hong"]
[Black "Schiele, Lars"]
[Result "1-0"]
[WhiteElo "1877"]
[BlackElo "2066"]
[PlyCount "137"]
[EventDate "2022.??.??"]

1. e4 e5 2. Nf3 Nc6 3. Bb5 a6 4. Ba4 Nf6 5. O-O b5 6. Bb3 Be7 7. Re1 d6 8. c3
O-O 9. d3 Bb7 10. Nbd2 Re8 11. Nf1 Bf8 12. Ng3 g6 13. h4 Bg7 14. h5 Nb8 15. Bg5
Nbd7 16. Nh4 Nf8 17. h6 Bh8 18. Qd2 Ne6 19. Rf1 Nxg5 20. Qxg5 Nd7 21. Qg4 Nf6
22. Qe2 Nxe4 23. Nxg6 hxg6 24. dxe4 Qh4 25. a4 Bc6 26. axb5 axb5 27. c4 b4 28.
c5 dxc5 29. Qc4 Qe7 30. Rfc1 Rxa1 31. Rxa1 Ra8 32. Rxa8+ Bxa8 33. Qa6 Qe8 34.
Qxg6+ Kf8 35. Qh7 Ke7 36. Nf5+ Kd8 37. Bxf7 Qf8 38. f3 Bc6 39. Qg6 Bd7 40. Qg8
Qxg8 41. Bxg8 Bb5 42. Kf2 c4 43. g4 c3 44. bxc3 bxc3 45. Bb3 Bd3 46. Ke3 c2 47.
Kd2 Be2 48. Nh4 Bf6 49. h7 Ke7 50. Bxc2 Bc4 51. g5 Bg7 52. Kc3 Bf7 53. Kb4 Bh8
54. Kc5 Kf8 55. g6 Be6 56. Bd3 Kg7 57. Bc4 Bd7 58. Bf7 Kf6 59. Kd5 Kg5 60. Ng2
Bh3 61. Ne1 Bd7 62. Nd3 Ba4 63. Nxe5 Kf4 64. Ng4 Kxf3 65. Nh6 Bc2 66. e5 Kf4
67. e6 Kg5 68. e7 Ba4 69. Ng8 1-0

[Event "LLHH 2122 Hamburger SK VI - SK Weisse D"]
[Site "?"]
[Date "2022.05.29"]
[Round "5.5"]
[White "Kuhle, Sebastian"]
[Black "Klaas, Heiko"]
[Result "1-0"]
[WhiteElo "2047"]
[BlackElo "1935"]
[PlyCount "67"]
[EventDate "2022.??.??"]

1. c4 e6 2. Nf3 d5 3. g3 d4 4. d3 c5 5. Bg2 Nc6 6. O-O Nf6 7. e3 Be7 8. exd4
cxd4 9. a3 a5 10. b3 O-O 11. Bb2 e5 12. Re1 Bd6 13. Nbd2 Bg4 14. Qc2 Qd7 15.
Ne4 Nxe4 16. Rxe4 f5 17. Ree1 Rae8 18. c5 Bc7 19. Nd2 Kh8 20. b4 axb4 21. axb4
Nxb4 22. Qb3 Nc6 23. Qxb7 e4 24. Ra6 Ne5 25. c6 Qf7 26. Ba3 Rb8 27. Bxf8 Rxb7
28. cxb7 Qxf8 29. Rc1 e3 30. Ra8 Nd7 31. Rxf8+ Nxf8 32. Nf3 e2 33. Nxd4 h6 34.
Nxe2 1-0

[Event "LLHH 2122 Hamburger SK VI - SK Weisse D"]
[Site "?"]
[Date "2022.05.29"]
[Round "5.6"]
[White "Fuhrmann, Bahne"]
[Black "Purniel Umpierre, Christian"]
[Result "1/2-1/2"]
[WhiteElo "1885"]
[BlackElo "2001"]
[PlyCount "81"]
[EventDate "2022.??.??"]

1. d4 g6 2. c4 Bg7 3. g3 f5 4. Bg2 Nf6 5. Nc3 O-O 6. Nh3 d6 7. Nf4 c6 8. d5 e5
9. dxe6 Re8 10. O-O Na6 11. e4 fxe4 12. Nxe4 Nxe4 13. Bxe4 Nc5 14. Bg2 Nxe6 15.
Nxe6 Bxe6 16. Qb3 Qd7 17. Bf4 Qf7 18. Rfc1 Rad8 19. Rc2 d5 20. cxd5 Bxd5 21.
Bxd5 Rxd5 22. Rac1 a6 23. Kg2 Rb5 24. Qxf7+ Kxf7 25. b3 Rd5 26. g4 Re4 27. Rc4
Re2 28. R1c2 Re1 29. Be3 Ra1 30. Re2 Rad1 31. Bc5 Be5 32. Bb4 Bd6 33. Bxd6 Rxd6
34. Rf4+ Rf6 35. Rfe4 Rd7 36. h4 Rfd6 37. Kg3 Rd2 38. Re7+ Rxe7 39. Rxd2 Re1
40. Rd7+ Re7 41. Rd2 1/2-1/2

[Event "LLHH 2122 Hamburger SK VI - SK Weisse D"]
[Site "?"]
[Date "2022.05.29"]
[Round "5.7"]
[White "Lam, Daniel"]
[Black "Jantzen, Hans-Joerg"]
[Result "0-1"]
[WhiteElo "1927"]
[BlackElo "2175"]
[PlyCount "70"]
[EventDate "2022.??.??"]

1. e4 c6 2. Nc3 d5 3. Nf3 Nf6 4. e5 Ne4 5. Ne2 Bg4 6. d3 Nc5 7. Be3 e6 8. h3
Bxf3 9. gxf3 Ncd7 10. d4 c5 11. c3 Nc6 12. Nf4 cxd4 13. cxd4 Bb4+ 14. Bd2 Qa5
15. Ne2 Rc8 16. a3 Bxd2+ 17. Qxd2 Qxd2+ 18. Kxd2 Na5 19. Nc1 Nb6 20. Ra2 O-O
21. Bd3 Rc7 22. b3 f6 23. exf6 Rxf6 24. Ke3 Nc6 25. Rc2 Rcf7 26. Be2 Rf4 27.
Rd1 Rh4 28. Bf1 Nc8 29. Ne2 Nd6 30. f4 g5 31. fxg5 Re4+ 32. Kd2 Rxf2 33. Ke1
Rh2 34. Rc3 Nf5 35. Rg3 Nxg3 0-1

[Event "LLHH 2122 Hamburger SK VI - SK Weisse D"]
[Site "?"]
[Date "2022.05.29"]
[Round "5.8"]
[White "Genov, Valentin"]
[Black "Opasiak, Dustin Tennessee"]
[Result "1/2-1/2"]
[WhiteElo "1763"]
[BlackElo "1731"]
[PlyCount "51"]
[EventDate "2022.??.??"]

1. d4 c5 2. d5 Nf6 3. c4 e5 4. Nc3 d6 5. e4 Be7 6. Bd3 O-O 7. Nge2 Ne8 8. O-O
Bg5 9. a3 Bxc1 10. Qxc1 g6 11. Qd2 f5 12. f4 exf4 13. Nxf4 g5 14. Ne6 Bxe6 15.
dxe6 f4 16. e5 Nc6 17. Nd5 dxe5 18. Qc2 Nf6 19. e7 Nxe7 20. Nxf6+ Rxf6 21.
Bxh7+ Kg7 22. Rad1 Rd6 23. Rxd6 Qxd6 24. Rd1 Qe6 25. Be4 Rh8 26. Qd3 1/2-1/2